Algebra Lineal

Saved in:
Bibliographic Details
Main Author: Villamayor, Orlando E (Author)
Format: Book
Language:Spanish
Published: Washington, D.C Secretaría General de la Organización de los Estados Americanos 1967
Series:Serie matemática. Monografía, 5
Subjects:
Tags: Add Tag
No Tags, Be the first to tag this record!

MARC

LEADER 00000nam a2200000 a 4500
001 UCV4238
003 CL-VaPUC
008 901107e19670000US |||||||||||||||||spa|d
082 0 4 |a 512.5  |b VIL  |2 21 
100 0 |a Villamayor, Orlando E  |e author  |9 298541 
245 1 0 |a Algebra Lineal 
300 |a 99 p 
942 |c BK 
945 |d 19901107 00:00:00 
260 |a Washington, D.C  |b Secretaría General de la Organización de los Estados Americanos  |c 1967 
650 0 |a Álgebra lineal   |9 260445 
583 |a last modification  |c 19901107 00:00:00  |k Rodrigo Vera 
490 0 |a Serie matemática. Monografía, 5 
999 |c 211171  |d 211169 
952 |0 0  |1 0  |4 0  |6 512_500000000000000_VIL_1967  |7 0  |8 A  |9 189381  |a BIBCUR  |b BIBCUR  |d 2019-11-14  |i 3189171  |o 512.5 VIL 1967  |p 3189171  |r 2025-04-22  |w 2019-11-14  |y BK  |k BCB